Tinderbox ; the past and future of Pakistan (Record no. 324277)

000 -LEADER
fixed length control field 00325 a2200133 4500
001 - CONTROL NUMBER
control field 89204
082 ## - DEWEY DECIMAL CLASSIFICATION NUMBER
Classification number 954.91 AKB
090 ## - LOCALLY ASSIGNED LC-TYPE CALL NUMBER (OCLC); LOCAL CALL NUMBER (RLIN)
-- 42154
-- 42154
100 ## - MAIN ENTRY--PERSONAL NAME
Personal name Akbar m J
245 ## - TITLE STATEMENT
Title Tinderbox ; the past and future of Pakistan
260 ## - PUBLICATION, DISTRIBUTION, ETC.
Place of publication, distribution, etc. New Delhi
Name of publisher, distributor, etc. HarperCollins
Date of publication, distribution, etc. 2011
300 ## - PHYSICAL DESCRIPTION
Extent xvi, 343 p.
740 ## - ADDED ENTRY--UNCONTROLLED RELATED/ANALYTICAL TITLE
Uncontrolled related/analytical title Tinder box
942 ## - ADDED ENTRY ELEMENTS (KOHA)
Institution code [OBSOLETE] CAE NUST
Call number prefix 954.91 AKB
Holdings
Withdrawn status Lost status Damaged status Not for loan Collection code Permanent Location Current Location Date acquired Total Checkouts Full call number Barcode Date last seen Price effective from Koha item type
          College of Aeronautical Engineering (CAE) College of Aeronautical Engineering (CAE) 04/03/2017   954.91 AKB CAE86089 04/05/2017 04/05/2017 Book
© 2023 Central Library, National University of Sciences and Technology. All Rights Reserved.